Automobile subsidies and land use. Estimatesnand policy responses.

Priame a nepriame subvencovanie automobilového priemyslu v USA. Posudzovanie vládnych výdavkov na cesty a diaľnice. Prípad štátu Wisconsin. Využitie krajiny v súvislosti s dopravou. Potenciálne politické reakcie v podobe registračných poplatkov a poplatkov za benzín.

Gespeichert in:
Bibliographische Detailangaben
1. Verfasser: Hanson, M.E
Format: Buchkapitel
Sprache:Englisch
Schlagworte:
Tags: Tag hinzufügen
Keine Tags, Fügen Sie das erste Tag hinzu!

MARC

LEADER 00000naa a2200000 4500
001 r009045
005 20220913122455.3
041 0 |a eng 
044 |a US 
245 1 0 |a Automobile subsidies and land use. Estimatesnand policy responses.  |c M.E. Hanson 
520 |a Priame a nepriame subvencovanie automobilového priemyslu v USA. Posudzovanie vládnych výdavkov na cesty a diaľnice. Prípad štátu Wisconsin. Využitie krajiny v súvislosti s dopravou. Potenciálne politické reakcie v podobe registračných poplatkov a poplatkov za benzín. 
610 2 0 |a subvencie 
610 2 0 |a priemysel automobilový 
610 2 0 |a USA 
610 2 0 |a doprava 
610 2 0 |a siete cestné 
610 2 0 |a ukazovatele ekonomické 
610 2 0 |a poplatky 
610 2 0 |a pozemky 
100 1 |a Hanson, M.E.